[Event "NOE Landesliga 2017/2018"]
[Site "verschiedene"]
[Date "2017.11.12"]
[Round "4"]
[Board "1"]
[White "Blohberger, Felix"]
[Black "Froewis, Georg"]
[Result "0-1"]
[WhiteElo "2335"]
[BlackElo "2431"]
[PlyCount "166"]
[EventDate "2017.10.01"]
[EventType "team"]
[EventRounds "11"]
[EventCountry "AUT"]
[WhiteTeam "ASK Kottingbrunn"]
[BlackTeam "SG Voest Krems"]

1. c4 e6 2. g3 d5 3. Nf3 dxc4 4. Qa4+ Bd7 5. Qxc4 c5 6. Bg2 Bc6 7. O-O Nf6 8.
d3 Nbd7 9. Qc2 Be7 10. Nc3 O-O 11. e4 b5 12. b3 Rc8 13. Bb2 Qb6 14. Rfd1 Qb7
15. Re1 Rfd8 16. Rad1 a5 17. Ba1 a4 18. Qe2 axb3 19. axb3 b4 20. Nb1 Ra8 21.
Nbd2 Ra2 22. Qf1 Ne8 23. Nc4 Nb6 24. Nxb6 Qxb6 25. Ne5 Bb5 26. Nc4 Qa7 27. Be5
Bf6 28. Bxf6 Nxf6 29. e5 Ng4 30. Ra1 Bxc4 31. dxc4 Rxa1 32. Rxa1 Qc7 33. Qe2
Nxe5 34. Qe4 Ng6 35. h4 Ne7 36. Qb7 Qxb7 37. Bxb7 g6 38. Ra5 Rd7 39. Be4 Rc7
40. f4 h5 41. Kf2 Kg7 42. Ke3 Kf6 43. Kf3 Nc8 44. Ra6 Ke7 45. Ra5 Nd6 46. Ke3
Ne8 47. Bf3 Nf6 48. Be2 Ne8 49. Bf3 Kf6 50. Be4 Ng7 51. Kf3 Nf5 52. Bxf5 Kxf5
53. Rb5 f6 54. Ra5 e5 55. fxe5 Kxe5 56. Ke3 g5 57. Ra8 Kf5 58. hxg5 fxg5 59.
Kf3 g4+ 60. Ke3 Re7+ 61. Kd3 Re5 62. Rf8+ Kg6 63. Rg8+ Kf7 64. Rc8 Kg7 65. Rc7+
Kf6 66. Rc6+ Kf5 67. Rc8 Ke6 68. Rc6+ Kd7 69. Rh6 Ke7 70. Rh8 Kf7 71. Rc8 h4
72. gxh4 g3 73. Ra8 Re1 74. Ra2 Rb1 75. Ke4 Rxb3 76. Kd5 Kg6 77. Kxc5 Kh5 78.
Kd5 Kxh4 79. c5 Kh3 80. c6 g2 81. Ra1 Rc3 82. Rb1 Kh2 83. Rb2 b3  0-1

[Event "NOE Landesliga 2017/2018"]
[Site "verschiedene"]
[Date "2017.11.12"]
[Round "4"]
[Board "2"]
[White "Kuba, Guenter"]
[Black "Morgunov, Marc"]
[Result "1-0"]
[WhiteElo "2331"]
[BlackElo "2199"]
[PlyCount "47"]
[EventDate "2017.10.01"]
[EventType "team"]
[EventRounds "11"]
[EventCountry "AUT"]
[WhiteTeam "SG Voest Krems"]
[BlackTeam "ASK Kottingbrunn"]

1. e4 c5 2. Nf3 a6 3. c3 d5 4. exd5 Qxd5 5. d4 Nf6 6. Be2 cxd4 7. cxd4 e6 8.
O-O Nc6 9. Nc3 Qd6 10. Bg5 Be7 11. Re1 O-O 12. Qd2 h6 13. Bf4 Qd8 14. a3 b5 15.
Rad1 Bb7 16. Bxh6 gxh6 17. Qxh6 Re8 18. d5 exd5 19. Bd3 Qb6 20. Nxd5 Qxf2+ 21.
Kh1 Qxb2 22. Rxe7 Ne4 23. Bxe4 Rxe7 24. Nxe7+  1-0

[Event "NOE Landesliga 2017/2018"]
[Site "verschiedene"]
[Date "2017.11.12"]
[Round "4"]
[Board "3"]
[White "Morgunov, Daniel"]
[Black "Kleiser, Gregor"]
[Result "1-0"]
[WhiteElo "2149"]
[BlackElo "2210"]
[PlyCount "65"]
[EventDate "2017.10.01"]
[EventType "team"]
[EventRounds "11"]
[EventCountry "AUT"]
[WhiteTeam "ASK Kottingbrunn"]
[BlackTeam "SG Voest Krems"]

1. e4 c5 2. Nf3 e6 3. d3 d6 4. g3 Nc6 5. Bg2 Be7 6. O-O Rb8 7. c3 Nf6 8. Re1
O-O 9. d4 b5 10. Bf4 cxd4 11. cxd4 Bb7 12. a3 a5 13. d5 exd5 14. exd5 Na7 15.
Nc3 Nc8 16. b4 axb4 17. axb4 Nb6 18. Nd4 Re8 19. Nc6 Bxc6 20. dxc6 Nc4 21. Ra7
Rc8 22. Nxb5 Bf8 23. Rxe8 Qxe8 24. Nc3 Rxc6 25. Bxc6 Qxc6 26. Qd4 d5 27. b5 Qe6
28. Kg2 h6 29. Ra6 Bd6 30. Bxd6 Nxd6 31. b6 Nb7 32. Ra7 Qc8 33. Qe5  1-0

[Event "NOE Landesliga 2017/2018"]
[Site "verschiedene"]
[Date "2017.11.12"]
[Round "4"]
[Board "4"]
[White "Woeber, Friedrich"]
[Black "Lechner, Daniel"]
[Result "1/2-1/2"]
[WhiteElo "2140"]
[BlackElo "2192"]
[PlyCount "73"]
[EventDate "2017.10.01"]
[EventType "team"]
[EventRounds "11"]
[EventCountry "AUT"]
[WhiteTeam "SG Voest Krems"]
[BlackTeam "ASK Kottingbrunn"]

1. e4 c5 2. d4 cxd4 3. c3 Nf6 4. e5 Nd5 5. Nf3 Nc6 6. Bc4 Nb6 7. Bb3 d5 8. exd6
Qxd6 9. O-O d3 10. Na3 Bf5 11. Nb5 Qd7 12. Be3 e5 13. Nxa7 Rxa7 14. Bxb6 Ra6
15. Be3 Be7 16. Ba4 e4 17. Nd4 O-O 18. f3 exf3 19. Nxf5 Qxf5 20. Rxf3 Qd5 21.
Bb3 Qe4 22. Qd2 Na5 23. Rd1 Nxb3 24. axb3 Ra2 25. Bd4 Qd5 26. Rg3 f6 27. Qxd3
Qxb3 28. c4 Qxd3 29. Rgxd3 Rc8 30. b3 b5 31. Rc3 Bc5 32. Bxc5 Rxc5 33. Rd7 bxc4
34. bxc4 h5 35. Rg3 Rxc4 36. Rgxg7+ Kh8 37. Rh7+  1/2-1/2

[Event "NOE Landesliga 2017/2018"]
[Site "verschiedene"]
[Date "2017.11.12"]
[Round "4"]
[Board "1"]
[White "Mostbauer, Florian"]
[Black "Weinzettl, Ernst"]
[Result "1-0"]
[WhiteElo "2265"]
[BlackElo "2278"]
[PlyCount "81"]
[EventDate "2017.10.01"]
[EventType "team"]
[EventRounds "11"]
[EventCountry "AUT"]
[WhiteTeam "KSV Boehlerwerk"]
[BlackTeam "ASVOE VHS Poechlarn"]

1. d4 Nf6 2. Bf4 g6 3. e3 Bg7 4. Be2 d6 5. Nf3 c5 6. c3 Qb6 7. Qb3 Be6 8. dxc5
dxc5 9. Qxb6 axb6 10. Bxb8 Rxb8 11. Bb5+ Bd7 12. Bxd7+ Nxd7 13. Na3 Ra8 14. Ke2
O-O 15. Rhd1 Nf6 16. Nd2 Ra4 17. Ndc4 b5 18. b3 bxc4 19. bxa4 Ne4 20. Nb5 Ra8
21. Rd7 Rxa4 22. Rxb7 Bxc3 23. Nxc3 Nxc3+ 24. Kf3 Nd5 25. Rb5 e6 26. Rxc5 f5
27. Rc1 c3 28. Rc2 Kf7 29. Rxd5 exd5 30. Rxc3 Rxa2 31. Rc7+ Kf6 32. Rxh7 Rd2
33. Rh4 Ke5 34. Ra4 g5 35. h3 Rd3 36. g3 Rc3 37. Ra6 Rb3 38. Rg6 d4 39. Rxg5 d3
40. Rg8 Rb1 41. Rd8  1-0

[Event "NOE Landesliga 2017/2018"]
[Site "verschiedene"]
[Date "2017.11.12"]
[Round "4"]
[Board "2"]
[White "Loeffler, Stefan"]
[Black "Heimberger, Reinhard"]
[Result "1/2-1/2"]
[WhiteElo "2372"]
[BlackElo "2265"]
[PlyCount "64"]
[EventDate "2017.10.01"]
[EventType "team"]
[EventRounds "11"]
[EventCountry "AUT"]
[WhiteTeam "ASVOE VHS Poechlarn"]
[BlackTeam "KSV Boehlerwerk"]

1. d4 d5 2. Bf4 Nf6 3. e3 g6 4. c4 Bg7 5. Nc3 O-O 6. Rc1 c6 7. Bd3 dxc4 8. Bxc4
Nbd7 9. Nf3 Nb6 10. Bb3 Nbd5 11. Be5 Be6 12. O-O Nxc3 13. bxc3 Bg4 14. h3 Bxf3
15. Qxf3 Nd7 16. Bxg7 Kxg7 17. Qg3 Nf6 18. f3 Qd6 19. Qf2 e5 20. e4 Nh5 21.
dxe5 Qxe5 22. f4 Qxe4 23. f5 Rad8 24. f6+ Kg8 25. g4 Rd3 26. Rce1 Rg3+ 27. Kh2
Qd3 28. gxh5 Rxh3+ 29. Kg2 Rxh5 30. Qe3 Qd6 31. Qf4 Qc5 32. Rf3 Rg5+  1/2-1/2

[Event "NOE Landesliga 2017/2018"]
[Site "verschiedene"]
[Date "2017.11.12"]
[Round "4"]
[Board "3"]
[White "Lovrinovic, Christian"]
[Black "Ganaus, Hannes"]
[Result "1/2-1/2"]
[WhiteElo "2139"]
[BlackElo "2239"]
[PlyCount "71"]
[EventDate "2017.10.01"]
[EventType "team"]
[EventRounds "11"]
[EventCountry "AUT"]
[WhiteTeam "KSV Boehlerwerk"]
[BlackTeam "ASVOE VHS Poechlarn"]

1. d4 Nf6 2. c4 e6 3. Nc3 Bb4 4. g3 O-O 5. Bg2 d6 6. Qc2 c5 7. Nf3 Nc6 8. dxc5
dxc5 9. O-O e5 10. Nd5 Nxd5 11. cxd5 Nd4 12. Nxd4 cxd4 13. e3 dxe3 14. Bxe3 Bd6
15. Bc5 Bg4 16. Bxd6 Qxd6 17. h3 Bd7 18. Qb3 b6 19. Rac1 Rac8 20. Kh2 Rfe8 21.
Rfe1 Kf8 22. Qd3 f5 23. Qd2 h6 24. Bf1 Rxc1 25. Rxc1 Rc8 26. Rd1 a5 27. a3 Ba4
28. Rc1 Rxc1 29. Qxc1 Bd7 30. Bg2 Ke7 31. Qe3 Kf6 32. h4 Qc5 33. Qd2 Qd6 34.
Qc3 Qc5 35. Qd2 Qd6 36. Qc3  1/2-1/2

[Event "NOE Landesliga 2017/2018"]
[Site "verschiedene"]
[Date "2017.11.12"]
[Round "4"]
[Board "4"]
[White "Schweitzer, Werner"]
[Black "Danner, Lambert"]
[Result "1-0"]
[WhiteElo "2028"]
[BlackElo "2039"]
[PlyCount "59"]
[EventDate "2017.10.01"]
[EventType "team"]
[EventRounds "11"]
[EventCountry "AUT"]
[WhiteTeam "ASVOE VHS Poechlarn"]
[BlackTeam "KSV Boehlerwerk"]

1. e4 Nf6 2. Nc3 d6 3. d4 Nbd7 4. Be3 e5 5. Nf3 Be7 6. Bc4 O-O 7. h3 c6 8. O-O
b5 9. Bd3 Qc7 10. Ne2 Re8 11. Ng3 Bf8 12. Rc1 Bb7 13. c4 Qa5 14. cxb5 cxb5 15.
Qb3 exd4 16. Bd2 Qa4 17. Qxb5 Qxb5 18. Bxb5 Bxe4 19. Nxe4 Rxe4 20. Bc6 Rb8 21.
Bxe4 Nxe4 22. b3 Ndc5 23. Ba5 Rb5 24. b4 Ne6 25. a4 Rd5 26. b5 N4c5 27. Rc4 g6
28. Rd1 d3 29. Bc3 Nf4 30. Rxf4  1-0

[Event "NOE Landesliga 2017/2018"]
[Site "verschiedene"]
[Date "2017.11.26"]
[Round "5"]
[Board "1"]
[White "Ganaus, Hannes"]
[Black "Blohberger, Felix"]
[Result "0-1"]
[WhiteElo "2239"]
[BlackElo "2335"]
[PlyCount "98"]
[EventDate "2017.10.01"]
[EventType "team"]
[EventRounds "11"]
[EventCountry "AUT"]
[WhiteTeam "ASVOE VHS Poechlarn"]
[BlackTeam "ASK Kottingbrunn"]

1. d4 Nf6 2. c4 e6 3. Nc3 Bb4 4. Nf3 b6 5. Qb3 c5 6. Bg5 h6 7. Bh4 g5 8. Bg3
Ne4 9. O-O-O Bxc3 10. bxc3 Nc6 11. d5 Nxg3 12. hxg3 Na5 13. Qc2 Qf6 14. e4 e5
15. Bd3 d6 16. Nh2 Bd7 17. Nf1 b5 18. Ne3 bxc4 19. Nxc4 Nxc4 20. Bxc4 Rb8 21.
Rhf1 Qd8 22. Kd2 Qa5 23. Rb1 Ke7 24. Rxb8 Rxb8 25. Rb1 Rb6 26. Rxb6 axb6 27.
Qb2 f5 28. exf5 Bxf5 29. Ke3 Bd7 30. Bd3 Kd8 31. Be4 Kc7 32. Qb3 h5 33. a3 h4
34. gxh4 gxh4 35. Ke2 Qa8 36. c4 Qh8 37. Qc3 Qh5+ 38. Ke1 Qg4 39. Qe3 Kb7 40.
Kd2 Ka6 41. Qf3 Qg5+ 42. Qe3 Qxe3+ 43. fxe3 Bg4 44. Bd3 Ka5 45. Kc3 Ka4 46. Kb2
Bd1 47. Bf5 Be2 48. Bc2+ Ka5 49. Kb3 Bf1  0-1

[Event "NOE Landesliga 2017/2018"]
[Site "verschiedene"]
[Date "2017.11.26"]
[Round "5"]
[Board "2"]
[White "Morgunov, Daniel"]
[Black "Ernst, Michael"]
[Result "1/2-1/2"]
[WhiteElo "2149"]
[BlackElo "2135"]
[PlyCount "118"]
[EventDate "2017.10.01"]
[EventType "team"]
[EventRounds "11"]
[EventCountry "AUT"]
[WhiteTeam "ASK Kottingbrunn"]
[BlackTeam "ASVOE VHS Poechlarn"]

1. e4 e6 2. Nc3 d5 3. Nf3 dxe4 4. Nxe4 Nd7 5. d4 Ngf6 6. Bd3 Nxe4 7. Bxe4 Nf6
8. Bd3 c5 9. Be3 Nd5 10. Bd2 cxd4 11. Nxd4 Bc5 12. Nb3 Bd6 13. O-O O-O 14. c4
Nf6 15. Bc3 Qc7 16. h3 Be5 17. Nd4 Bd7 18. Re1 Bxd4 19. Bxd4 Qf4 20. Be5 Qg5
21. f4 Qh4 22. b4 Rfd8 23. Qe2 a6 24. a4 Bxa4 25. Bxh7+ Qxh7 26. Rxa4 Qd3 27.
Raa1 Rac8 28. Rac1 Qxe2 29. Rxe2 Nd5 30. c5 f6 31. Bc3 Nxf4 32. Re3 e5 33. g4
g5 34. h4 gxh4 35. g5 Nd5 36. Re2 Nxc3 37. Rxc3 Kg7 38. gxf6+ Kxf6 39. Rce3
Rg8+ 40. Kh2 Rce8 41. Kh3 Re7 42. Rf2+ Ke6 43. Rfe2 Kd5 44. Rd2+ Kc4 45. Re4+
Kb5 46. Rd6 Ka4 47. c6 Rg3+ 48. Kh2 bxc6 49. Rxc6 Kb5 50. Rc5+ Kb6 51. Rxh4 Rb3
52. Rh6+ Kb7 53. Rcc6 Rxb4 54. Rxa6 e4 55. Rae6 Rxe6 56. Rxe6 Kc7 57. Kg3 Kd7
58. Re5 Kd6 59. Re8 Kd5  1/2-1/2

[Event "NOE Landesliga 2017/2018"]
[Site "verschiedene"]
[Date "2017.11.26"]
[Round "5"]
[Board "3"]
[White "Mittermayr, Gerhard"]
[Black "Morgunov, Marc"]
[Result "0-1"]
[WhiteElo "2085"]
[BlackElo "2199"]
[PlyCount "36"]
[EventDate "2017.10.01"]
[EventType "team"]
[EventRounds "11"]
[EventCountry "AUT"]
[WhiteTeam "ASVOE VHS Poechlarn"]
[BlackTeam "ASK Kottingbrunn"]

1. e4 c5 2. Nf3 Nc6 3. d4 cxd4 4. Nxd4 e5 5. Nb5 a6 6. Nd6+ Bxd6 7. Qxd6 Qe7 8.
Qd1 Nf6 9. Nc3 d6 10. Be3 O-O 11. f3 Be6 12. g4 d5 13. g5 Nxe4 14. fxe4 d4 15.
Nd5 Bxd5 16. exd5 dxe3 17. dxc6 Qb4+ 18. Ke2 Rad8  0-1

[Event "NOE Landesliga 2017/2018"]
[Site "verschiedene"]
[Date "2017.11.26"]
[Round "5"]
[Board "4"]
[White "Lampl, Gerald"]
[Black "Schweitzer, Werner"]
[Result "1-0"]
[WhiteElo "2084"]
[BlackElo "2028"]
[PlyCount "43"]
[EventDate "2017.10.01"]
[EventType "team"]
[EventRounds "11"]
[EventCountry "AUT"]
[WhiteTeam "ASK Kottingbrunn"]
[BlackTeam "ASVOE VHS Poechlarn"]

1. d4 f5 2. g3 d5 3. Nf3 e6 4. Bg2 Nf6 5. O-O Bd6 6. b3 Qe7 7. c4 c6 8. a4 b6
9. Ba3 c5 10. Nc3 Ba6 11. cxd5 Ne4 12. Nxe4 fxe4 13. dxc5 bxc5 14. dxe6 Nc6 15.
Ng5 Nd4 16. Nxe4 Rd8 17. e3 Ne2+ 18. Kh1 Bxg3 19. fxg3 Rxd1 20. Raxd1 Qxe6 21.
Nd6+ Ke7 22. Nf5+  1-0

[Event "NOE Landesliga 2017/2018"]
[Site "verschiedene"]
[Date "2017.11.26"]
[Round "5"]
[Board "1"]
[White "Froewis, Georg"]
[Black "Polak, Tomas"]
[Result "1/2-1/2"]
[WhiteElo "2431"]
[BlackElo "2513"]
[PlyCount "27"]
[EventDate "2017.10.01"]
[EventType "team"]
[EventRounds "11"]
[EventCountry "AUT"]
[WhiteTeam "SG Voest Krems"]
[BlackTeam "SV Stockerau"]

1. Nf3 Nf6 2. c4 e6 3. g3 d5 4. d4 Bb4+ 5. Bd2 Be7 6. Bg2 O-O 7. O-O c6 8. Qc2
Nbd7 9. Rd1 b6 10. b3 a5 11. Bc3 Ba6 12. Nbd2 Qc7 13. e4 Rfd8 14. Rac1  1/2-1/2

[Event "NOE Landesliga 2017/2018"]
[Site "verschiedene"]
[Date "2017.11.26"]
[Round "5"]
[Board "2"]
[White "Piringer, Florian"]
[Black "Kleiser, Gregor"]
[Result "0-1"]
[WhiteElo "2183"]
[BlackElo "2210"]
[PlyCount "68"]
[EventDate "2017.10.01"]
[EventType "team"]
[EventRounds "11"]
[EventCountry "AUT"]
[WhiteTeam "SV Stockerau"]
[BlackTeam "SG Voest Krems"]

1. e4 c5 2. Nf3 e6 3. g3 a6 4. Bg2 b5 5. d3 Bb7 6. O-O Nf6 7. Nbd2 d6 8. Re1
Be7 9. c3 O-O 10. b3 Nc6 11. Bb2 Rc8 12. a3 Ne5 13. Qe2 Qb6 14. Rac1 Nfd7 15.
d4 Nxf3+ 16. Nxf3 d5 17. Ne5 Nxe5 18. dxe5 Rfd8 19. Red1 dxe4 20. Bxe4 c4 21.
b4 h6 22. Qf3 Bxe4 23. Qxe4 Qa7 24. Qe2 a5 25. Rxd8+ Rxd8 26. Rd1 axb4 27.
Rxd8+ Bxd8 28. cxb4 Qd7 29. Bc3 Bb6 30. Kg2 Qd5+ 31. Qf3 Kf8 32. h4 h5 33. Qxd5
exd5 34. Kf3 Ke7  0-1

[Event "NOE Landesliga 2017/2018"]
[Site "verschiedene"]
[Date "2017.11.26"]
[Round "5"]
[Board "3"]
[White "Scheffknecht, Philipp"]
[Black "Schirmbeck, Hannes"]
[Result "1/2-1/2"]
[WhiteElo "2109"]
[BlackElo "2195"]
[PlyCount "48"]
[EventDate "2017.10.01"]
[EventType "team"]
[EventRounds "11"]
[EventCountry "AUT"]
[WhiteTeam "SG Voest Krems"]
[BlackTeam "SV Stockerau"]

1. d4 Nf6 2. c4 g6 3. Nc3 Bg7 4. e4 d6 5. f3 O-O 6. Be3 e5 7. d5 Nbd7 8. Qd2 a6
9. Nge2 Rb8 10. Nc1 Nh5 11. Nd3 b5 12. Nb4 Bb7 13. cxb5 axb5 14. Bxb5 f5 15.
O-O-O Nc5 16. Rhe1 Nf6 17. Bg5 Qc8 18. h3 Ba8 19. Nd3 Nfd7 20. Kb1 Qb7 21. Rc1
fxe4 22. fxe4 Rf7 23. Rc2 Rbf8 24. Bxd7 Nxd7  1/2-1/2

[Event "NOE Landesliga 2017/2018"]
[Site "verschiedene"]
[Date "2017.11.26"]
[Round "5"]
[Board "4"]
[White "Pernerstorfer, Johannes"]
[Black "Woeber, Friedrich"]
[Result "1/2-1/2"]
[WhiteElo "2074"]
[BlackElo "2140"]
[PlyCount "81"]
[EventDate "2017.10.01"]
[EventType "team"]
[EventRounds "11"]
[EventCountry "AUT"]
[WhiteTeam "SV Stockerau"]
[BlackTeam "SG Voest Krems"]

1. e4 d5 2. exd5 Qxd5 3. Nc3 Qd6 4. d4 Nf6 5. Be3 c6 6. Be2 Bf5 7. Nf3 Nbd7 8.
Qd2 Ne4 9. Nxe4 Bxe4 10. O-O h6 11. Bf4 Qf6 12. Bg3 Qf5 13. c4 e6 14. Qe3 Be7
15. Rad1 Nf6 16. Bd3 Bxd3 17. Qxd3 Qxd3 18. Rxd3 O-O-O 19. Rfd1 Ne4 20. Ne5
Rhf8 21. Bf4 Bf6 22. Nf3 Rd7 23. Re1 Nd6 24. Ra3 a6 25. Ra4 Nf5 26. c5 Nxd4 27.
Nd2 e5 28. Be3 Nc2 29. Re2 Rfd8 30. Nf1 Nxe3 31. fxe3 Rd3 32. b4 e4 33. Ng3 Bh4
34. Nf1 Rd1 35. g3 Bf6 36. Rf2 Rb1 37. Rf4 Rdd1 38. Kg2 Rb2+ 39. Kh3 Rbb1 40.
Kg2 Rb2+ 41. Kh3  1/2-1/2

[Event "NOE Landesliga 2017/2018"]
[Site "verschiedene"]
[Date "2017.11.26"]
[Round "5"]
[Board "1"]
[White "Lendwai, Reinhard"]
[Black "Rumpl, Erwin"]
[Result "1/2-1/2"]
[WhiteElo "2380"]
[BlackElo "2295"]
[PlyCount "26"]
[EventDate "2017.10.01"]
[EventType "team"]
[EventRounds "11"]
[EventCountry "AUT"]
[WhiteTeam "SK Advisory Invest Baden"]
[BlackTeam "SV Amstetten"]

1. e4 e6 2. d4 b6 3. Nf3 Bb7 4. Bd3 d5 5. exd5 Qxd5 6. O-O Nf6 7. c4 Qd8 8. d5
exd5 9. cxd5 Be7 10. Bb5+ Nbd7 11. Nd4 O-O 12. Nc6 Bxc6 13. Bxc6 Rb8  1/2-1/2

[Event "NOE Landesliga 2017/2018"]
[Site "verschiedene"]
[Date "2017.11.26"]
[Round "5"]
[Board "2"]
[White "Wadsack, Wolfgang"]
[Black "Hofegger, Jakob"]
[Result "1-0"]
[WhiteElo "2161"]
[BlackElo "2111"]
[PlyCount "175"]
[EventDate "2017.10.01"]
[EventType "team"]
[EventRounds "11"]
[EventCountry "AUT"]
[WhiteTeam "SV Amstetten"]
[BlackTeam "SK Advisory Invest Baden"]

1. e4 e6 2. d4 d5 3. Nc3 Nf6 4. Bg5 Be7 5. e5 Nfd7 6. Bxe7 Qxe7 7. f4 a6 8. Nf3
b6 9. Bd3 c5 10. O-O Nc6 11. a3 Bb7 12. Qe1 cxd4 13. Ne2 Nc5 14. Nexd4 Nxd3 15.
cxd3 O-O 16. Qf2 Nxd4 17. Nxd4 f5 18. exf6 Qxf6 19. Rae1 Rfe8 20. Re5 Bc8 21.
Rfe1 Bd7 22. Qf3 Kh8 23. Qe3 h6 24. g3 a5 25. Qf2 Rac8 26. Qd2 Qg6 27. Qe3 Rb8
28. h4 Qf6 29. Re2 Qg6 30. Kh2 Rbc8 31. h5 Qg4 32. Kg2 Kg8 33. Nf3 d4 34. Nxd4
Kf7 35. Rf2 Kg8 36. Re2 Kf7 37. Qf3 Qxf3+ 38. Kxf3 Rc1 39. g4 Rh1 40. g5 Rf1+
41. Ke3 hxg5 42. fxg5 Rh8 43. g6+ Kf6 44. Kd2 Rh1 45. R5e3 R8xh5 46. Nxe6 Rf5
47. Nxg7 Rb5 48. Kc3 Kxg6 49. Rg3+ Kf6 50. Rf2+ Ke7 51. Re3+ Kd6 52. Rf6+ Kc7
53. a4 Rc5+ 54. Kd4 Rh7 55. Rf7 Rh4+ 56. Re4 Rxe4+ 57. dxe4 Rc1 58. e5 Rd1+ 59.
Kc3 Kb8 60. e6 Bxa4 61. e7 Re1 62. e8=Q+ Bxe8 63. Rf8 Kc7 64. Nxe8+ Kd7 65.
Nf6+ Kc6 66. Ng4 Rc1+ 67. Kb3 Rg1 68. Ne3 Rg3 69. Re8 Rh3 70. Kc3 Kc5 71. Re4
Kb5 72. Re5+ Kc6 73. Kd3 Kd6 74. Rg5 Kc6 75. Kd4 Rh4+ 76. Ng4 Rh3 77. Kc4 Rh1
78. Rg6+ Kc7 79. Ne3 Rh4+ 80. Rg4 Rh2 81. Nd5+ Kb7 82. Rg7+ Kc6 83. Rg6+ Kd7
84. Rxb6 Rc2+ 85. Nc3 Kc7 86. Rb3 a4 87. Rb4 Kc6 88. Kd3  1-0

[Event "NOE Landesliga 2017/2018"]
[Site "verschiedene"]
[Date "2017.11.26"]
[Round "5"]
[Board "3"]
[White "Herndlbauer, Martin"]
[Black "Wadsack, Winfried"]
[Result "1/2-1/2"]
[WhiteElo "2081"]
[BlackElo "2127"]
[PlyCount "92"]
[EventDate "2017.10.01"]
[EventType "team"]
[EventRounds "11"]
[EventCountry "AUT"]
[WhiteTeam "SK Advisory Invest Baden"]
[BlackTeam "SV Amstetten"]

1. Nf3 d5 2. e3 Nf6 3. c4 c6 4. Nc3 Bg4 5. Qb3 Qb6 6. Qxb6 axb6 7. cxd5 Bxf3 8.
gxf3 Nxd5 9. Nxd5 cxd5 10. Bb5+ Nc6 11. b3 e5 12. Bb2 Bd6 13. f4 f6 14. fxe5
Bxe5 15. Bxe5 fxe5 16. Rg1 O-O 17. Rg5 h6 18. Bxc6 hxg5 19. Bxd5+ Kh7 20. Bxb7
Ra7 21. Be4+ g6 22. Rc1 Rf6 23. a4 Raf7 24. Rc6 Kg7 25. f3 Rxc6 26. Bxc6 Kf6
27. Ke2 Ke6 28. b4 Kd6 29. Be4 Rh7 30. Kd3 Rxh2 31. Bxg6 Rh4 32. Be4 g4 33.
fxg4 Rxg4 34. a5 bxa5 35. bxa5 Kc5 36. a6 Kb6 37. Bb7 Ra4 38. Kc3 Kb5 39. Kd3
Kc5 40. Ke2 Kb6 41. Kf3 Rh4 42. e4 Rf4+ 43. Ke3 Rh4 44. Kf3 Rf4+ 45. Ke3 Rh4
46. Kf3 Rf4+  1/2-1/2

[Event "NOE Landesliga 2017/2018"]
[Site "verschiedene"]
[Date "2017.11.26"]
[Round "5"]
[Board "4"]
[White "Rechberger, Franz"]
[Black "Juenger, Heinz"]
[Result "0-1"]
[WhiteElo "2134"]
[BlackElo "2111"]
[PlyCount "60"]
[EventDate "2017.10.01"]
[EventType "team"]
[EventRounds "11"]
[EventCountry "AUT"]
[WhiteTeam "SV Amstetten"]
[BlackTeam "SK Advisory Invest Baden"]

1. e4 e6 2. d4 d5 3. Nc3 Nf6 4. e5 Nfd7 5. f4 c5 6. Nf3 Nc6 7. Be3 Qb6 8. Qd2
Qxb2 9. Rb1 Qa3 10. Nb5 Qxa2 11. Rc1 Rb8 12. Be2 a6 13. Nc7+ Kd8 14. Nxe6+ fxe6
15. Ng5 Nb6 16. Nf7+ Ke8 17. Nxh8 Nc4 18. Qd3 g6 19. Bf2 Qa5+ 20. c3 Nxd4 21.
Bxd4 cxd4 22. f5 exf5 23. e6 Bh6 24. Qxd4 Bxc1 25. Bxc4 dxc4 26. O-O Ba3 27.
Kh1 Qc5 28. Qg7 Bxe6 29. Re1 Qe7 30. Qg8+ Bxg8  0-1

[Event "NOE Landesliga 2017/2018"]
[Site "verschiedene"]
[Date "2017.11.26"]
[Round "5"]
[Board "1"]
[White "Wetscherek, Gerhard"]
[Black "Khalakhan, Jurij"]
[Result "0-1"]
[WhiteElo "2041"]
[BlackElo "2199"]
[PlyCount "70"]
[EventDate "2017.10.01"]
[EventType "team"]
[EventRounds "11"]
[EventCountry "AUT"]
[WhiteTeam "SG Bisamberg/Korneuburg"]
[BlackTeam "SG Litschau/Eisgarn"]

1. e4 c5 2. Nf3 e6 3. c3 d5 4. exd5 Qxd5 5. d4 Nf6 6. Be2 Be7 7. O-O O-O 8.
dxc5 Bxc5 9. Bg5 Nbd7 10. Qc2 a6 11. Nbd2 b5 12. Nb3 Be7 13. a4 b4 14. c4 Qc6
15. Nfd4 Qc7 16. Rac1 Ng4 17. Bxg4 Bxg5 18. Rcd1 Bb7 19. Bf3 Bxf3 20. Nxf3 Bf6
21. Nbd2 b3 22. Nxb3 Rab8 23. Rd3 Rb4 24. c5 Rfb8 25. Rfd1 Nb6 26. Nfd2 Nxa4
27. c6 Rc8 28. Rc1 Bxb2 29. Rd7 Qb6 30. Rd1 g6 31. Ne4 Rxc6 32. Qe2 Rxb3 33.
Nd6 Rxd6 34. R7xd6 Qb5 35. Qe4 Nc3  0-1

[Event "NOE Landesliga 2017/2018"]
[Site "verschiedene"]
[Date "2017.11.26"]
[Round "5"]
[Board "3"]
[White "Pammer, Andreas"]
[Black "Plasil, Jiri"]
[Result "1-0"]
[WhiteElo "2135"]
[BlackElo "2069"]
[PlyCount "99"]
[EventDate "2017.10.01"]
[EventType "team"]
[EventRounds "11"]
[EventCountry "AUT"]
[WhiteTeam "SG Bisamberg/Korneuburg"]
[BlackTeam "SG Litschau/Eisgarn"]

1. c4 c6 2. e4 d6 3. d4 e5 4. Nf3 Qc7 5. Nc3 Be7 6. Be2 Nf6 7. h3 O-O 8. Be3
Re8 9. d5 Nbd7 10. O-O Nf8 11. Qd2 Ng6 12. b4 Bd7 13. Rfd1 Red8 14. Rac1 Ne8
15. g4 b6 16. dxc6 Bxc6 17. Nd5 Qd7 18. Qb2 Bxd5 19. cxd5 Rdc8 20. b5 Bd8 21.
Qa3 Ne7 22. Bg5 f6 23. Bd2 Rxc1 24. Rxc1 Rc8 25. Bb4 Rc7 26. Rxc7 Qxc7 27. Bd3
Nc8 28. Nd2 Be7 29. Nc4 Qd7 30. Ne3 g6 31. Qc3 Qc7 32. Qc6 Kf7 33. a4 Bd8 34.
Nc4 Qxc6 35. bxc6 Bc7 36. Na3 a5 37. Bd2 Na7 38. Be3 f5 39. f3 fxe4 40. fxe4
Nf6 41. Kf2 Ng8 42. Ba6 Ne7 43. g5 Ke8 44. Ke2 Kd8 45. Kd3 Ke8 46. Kc4 Kd8 47.
Nb5 Nac8 48. Bxc8 Nxc8 49. Nxc7 Kxc7 50. Kb5  1-0

[Event "NOE Landesliga 2017/2018"]
[Site "verschiedene"]
[Date "2017.11.26"]
[Round "5"]
[Board "4"]
[White "Popelka, Oldrich"]
[Black "Ayatollahi, Ehsan"]
[Result "1-0"]
[WhiteElo "2123"]
[BlackElo "1931"]
[PlyCount "58"]
[EventDate "2017.10.01"]
[EventType "team"]
[EventRounds "11"]
[EventCountry "AUT"]
[WhiteTeam "SG Litschau/Eisgarn"]
[BlackTeam "SG Bisamberg/Korneuburg"]

1. c4 c6 2. e4 d5 3. exd5 cxd5 4. d4 Nf6 5. Nc3 e6 6. Nf3 Be7 7. Bf4 O-O 8. a3
b6 9. Bd3 dxc4 10. Bxc4 Ba6 11. Qe2 Qc8 12. Nb5 Nh5 13. Be3 Qb7 14. O-O Rc8 15.
Rfd1 Nc6 16. d5 Na5 17. Ba2 Qd7 18. a4 f5 19. dxe6 Qe8 20. Ne5 Nf6 21. Bg5 Rc5
22. Nd7 Bxb5 23. axb5 Rc7 24. Qe5 Rac8 25. Bxf6 gxf6 26. Nxf6+ Bxf6 27. Qxf6
Nc4 28. Rd3 Re7 29. Rg3+ Rg7  1-0